000
00308nam a22001337a 4500
008
171014b xxu||||| |||| 00| 0 eng d
020
_a
9780195126846
041
_a
eng
080
_a
33
100
_a
52
101
_a
EKO
245
_a
APPLYING ECONOMICS TO THE ENVIRONMENT
_c
RUSSELL, C.S
942
_2
udc
_c
BK
999
_c
33967
_d
33967